Historical Box Office Top 10s Quiz Stats

 Plays Quiz Updated Apr 6, 2018

Also try: Box Office Bombs
Challenge
Share
Tweet
Embed
Score 0/60 Timer 06:00
3 Plays Today
% Correct
Titanic
91.1%
Titanic
91.1%
Titanic
91.1%
Titanic
91.1%
Avatar
84.7%
Avatar
84.7%
Star Wars
82.8%
Star Wars
82.8%
Star Wars
82.6%
The Avengers
66.8%
Star Wars: Episode V - The Empire Strikes Back
59.8%
Star Wars: Episode VI - Return of the Jedi
57.5%
E.T.: The Extra-Terrestrial
56%
E.T.: The Extra-Terrestrial
56%
E.T.: The Extra-Terrestrial
56%
Jaws
51.4%
Jurassic Park
51.1%
Jurassic Park
51.1%
Jurassic Park
51.1%
Jurassic Park
49.7%
The Dark Knight
49.1%
Toy Story 3
43.6%
The Lord of the Rings: The Return of the King
41.5%
The Lord of the Rings: The Return of the King
41.5%
Iron Man 3
41.5%
Star Wars: Episode I - The Phantom Menace
40.9%
Star Wars: Episode I - The Phantom Menace
40.9%
Forrest Gump
40.7%
Forrest Gump
40.7%
Star Wars: Episode I - The Phantom Menace
39.5%
% Correct
Star Wars: The Force Awakens
39.4%
The Lord of the Rings: The Two Towers
38.7%
Avengers: Age of Ultron
37.1%
Harry Potter and the Deathly Hallows Part 2
36.9%
The Lion King
35.1%
The Lion King
35.1%
Harry Potter and the Chamber of Secrets
33.6%
Harry Potter and the Goblet of Fire
32.4%
Harry Potter and the Sorcerer's Stone
30.2%
Harry Potter and the Sorcerer's Stone
30.2%
Jurassic World
28.1%
Frozen
27.3%
Indiana Jones and the Last Crusade
26.8%
Indiana Jones and the Last Crusade
26.7%
Finding Nemo
24.8%
Terminator 2: Judgment Day
23.3%
Shrek 2
23.3%
Independence Day
20.3%
Aladdin
19.1%
Pirates of the Caribbean: Dead Man's Chest
18.9%
The Lost World: Jurassic Park
18.3%
Ghost
17.9%
Ghost
17.9%
Dances with Wolves
17.3%
Home Alone
16.5%
Furious 7
15.7%
Home Alone
15.1%
Pretty Woman
10.7%
The Sixth Sense
8.9%
Alice in Wonderland
6.7%

You're not logged in!

Compare scores with friends on all Sporcle quizzes.
OR
Log In

You Might Also Like...

Show Comments

Extras

Top Quizzes Today


Score Distribution

Your Account Isn't Verified!

In order to create a playlist on Sporcle, you need to verify the email address you used during registration. Go to your Sporcle Settings to finish the process.

Report this User

Report this user for behavior that violates our Community Guidelines.

Details: